00433nam a2200181 a 4500001001300000003000900013005001700022008004100039020000900080082001700089100001700106245001700123260003400140300000900174500003500183650001600218700001700234nice12345678IN_TiNIC20260116012906.0050524s1963 hyda grp 000 0 urd  ac1000a891.41bAZA2 aAzar, Rashid aNaqsh-E-azar aHyderabadbMaktaba Sabac1963 a128p aincludes index and biblioraphy aUrdu-Poetry1 aAzar, Rashid